UK housing review 2006/2007 (Record no. 106324)

MARC details
000 -LEADER
fixed length control field 01734cam a2200313 4500
001 - CONTROL NUMBER
control field L136128
008 - FIXED-LENGTH DATA ELEMENTS--GENERAL INFORMATION
fixed length control field 070112n2007 000 0 eng u
020 ## - INTERNATIONAL STANDARD BOOK NUMBER
International Standard Book Number 1905018320
-- 9781905018321
035 ## - SYSTEM CONTROL NUMBER
System control number (Sirsi) u136128
041 0# - LANGUAGE CODE
Language code of text/sound track or separate title eng
050 04 - LIBRARY OF CONGRESS CALL NUMBER
Classification number 306.3 $2 18
100 1# - MAIN ENTRY--PERSONAL NAME
Personal name Wilcox, Steve
245 00 - TITLE STATEMENT
Title UK housing review 2006/2007
250 ## - EDITION STATEMENT
Edition statement 15th ed.
260 ## - PUBLICATION, DISTRIBUTION, ETC.
Place of publication, distribution, etc. Coventry
Name of publisher, distributor, etc. CIH
Date of publication, distribution, etc. 2007
300 ## - PHYSICAL DESCRIPTION
Extent 231p
Dimensions 21cm.
350 ## - PRICE (NR) (BK AM CF MU VM SE) [OBSOLETE]
Price 40
490 #0 - SERIES STATEMENT
Series statement UK Housing Review
Volume/sequential designation 2006 $2 007
505 2# - FORMATTED CONTENTS NOTE
Formatted contents note Contemporary issues: A financial evaluation of the right to buy; Rising house prices - a look at the history; On the Barker trail; a guide to measures of rental affordability -- Commentary: Housing, the economy and public expenditure; Dwellings, stock condition and households; Private housing; Housing expenditure plans; Housing needs, homelessness and lettings; Help with housing costs.
520 ## - SUMMARY, ETC.
Summary, etc. Provides key information for managers and policy makers, bringing together up to date housing statistics for England (and its regions), Wales, Scotland and Northern Ireland. Over 200 charts and tables include data about UK and international economic trends, housing stock and conditions, house prices and market trends; housing investment by councils and housing associations; public expenditure plans; housing characteristics and incomes; rents and revenue spending; subsidies, tax relief and benefits; homelessness and lettings.
590 ## - LOCAL NOTE (RLIN)
Local note KA
650 24 - SUBJECT ADDED ENTRY--TOPICAL TERM
Topical term or geographic name entry element BARKER REVIEW OF LAND USE PLANNING
650 24 - SUBJECT ADDED ENTRY--TOPICAL TERM
Topical term or geographic name entry element UK HOUSING REVIEW
651 4# - SUBJECT ADDED ENTRY--GEOGRAPHIC NAME
Geographic name United Kingdom
Chronological subdivision
690 ## - LOCAL SUBJECT ADDED ENTRY--TOPICAL TERM (OCLC, RLIN)
Topical term or geographic name as entry element Residential property
9 (RLIN) 6266
710 2# - ADDED ENTRY--CORPORATE NAME
Corporate name or jurisdiction name as entry element Council of Mortgage Lenders
9 (RLIN) 5903
710 2# - ADDED ENTRY--CORPORATE NAME
Corporate name or jurisdiction name as entry element Chartered Institute of Housing
9 (RLIN) 2394
942 ## - ADDED ENTRY ELEMENTS (KOHA)
Suppress in OPAC 0
Holdings
Withdrawn status Lost status Source of classification or shelving scheme Damaged status Not for loan Home library Current library Shelving location Date acquired Cost, normal purchase price Total Checkouts Full call number Barcode Date last seen Date last checked out Copy number Cost, replacement price Price effective from Koha item type
    Dewey Decimal Classification     London London Basement 02/02/2007 40.00 6 306.3 WIL 30073609 06/08/2019 18/09/2009 1 40.00 06/08/2019 Book